• 首页
  • 本馆介绍
  • 公告通知
  • 最新文献
  • 馆藏检索
  • 电子资源
  • 读者导购
  • 参考咨询
  • 我的图书馆
  • 登录
  • 详细信息显示
  • 放入我的书架
  • 预约/预借图书
  • 作者相关作品
  • 分类相关作品
  • 丛书相关作品
  • 出版社相关作品

书目信息

  • 表格格式
  • 工作单格式
  • 卡片格式
题名:
临床诱发电位学
    
 
作者: 潘映辐 主编
分册:  
出版信息: 北京   人民卫生出版社  1988
页数: 408页
开本: 26cm
丛书名:
单 册:
中图分类: R444
科图分类:
主题词: 电诊断
电子资源:
ISBN: 7-117-00806-7
000 00541nam0 2200193 450
001 0729647576
005 20070725102453.28
010    @a7-117-00806-7@dCNY7.00
100    @a20070722d1988 km y0chiy0120 ea
101 0  @achi
102    @aCN@b110000
200 1  @a临床诱发电位学@Alin chuang you fa dian wei xue@f潘映辐主编@Fpan ying fu zhu bian
210    @a北京@c人民卫生出版社@d1988
215    @a408页@d26cm
606 0  @a电诊断
690    @aR444@v3
701  0 @a潘映辐@Apan ying fu@4主编
801  0 @aCN@bPFT@c20070725
905    @a10447@dR444@e66
    
    临床诱发电位学/潘映辐主编.-北京:人民卫生出版社,1988
    408页;26cm
    
    
    ISBN 7-117-00806-7:CNY7.00
    
●
相关链接 在E读中查询图书 在五车中查询图书 在当当中查询图书 在豆瓣中查询图书


正题名:临床诱发电位学     索取号:R444/66         预约/预借

序号 登录号 条形码 馆藏地/架位号 状态 备注
1 0766187   207661877   第二样本阅览室/ [索取号:R444/66] 在馆    
唐山师范学院图书馆 欢迎您!
大连网信软件有限公司© 版权所有